5HLuxD.jpg

KING HENRY VIII SENIOR AND PRIMARY SCHOOL LIBRARY OPAC

War and peace / (Record no. 1128)

000 -LEADER
fixed length control field 01188nam a22003738i 4500
001 - CONTROL NUMBER
control field 020746169
003 - CONTROL NUMBER IDENTIFIER
control field UkOxU
005 - DATE AND TIME OF LATEST TRANSACTION
control field 20211011090132.0
008 - FIXED-LENGTH DATA ELEMENTS--GENERAL INFORMATION
fixed length control field 160914s2017 enk 000|f|eng|d
015 ## - NATIONAL BIBLIOGRAPHY NUMBER
National bibliography number GBB6F2265
Source bnb
016 7# - NATIONAL BIBLIOGRAPHIC AGENCY CONTROL NUMBER
Record control number 018094359
Source Uk
020 ## - INTERNATIONAL STANDARD BOOK NUMBER
International Standard Book Number 9781784871949 (pbk.) :
035 ## - SYSTEM CONTROL NUMBER
System control number (Uk)018094359
035 ## - SYSTEM CONTROL NUMBER
System control number (StEdALDL)1/3511549
040 ## - CATALOGING SOURCE
Original cataloging agency StDuBDS
Language of cataloging eng
Description conventions rda
Transcribing agency StDuBDS
041 1# - LANGUAGE CODE
Language code of text/sound track or separate title eng
Language code of original rus
049 ## - LOCAL HOLDINGS (OCLC)
Holding library CROBAR
082 04 - DEWEY DECIMAL CLASSIFICATION NUMBER
Classification number 891.733 TOL
Edition number 23
100 1# - MAIN ENTRY--PERSONAL NAME
Personal name Tolstoy, Leo,
Titles and words associated with a name graf,
Dates associated with a name 1828-1910,
Relator term author.
245 10 - TITLE STATEMENT
Title War and peace /
Statement of responsibility, etc. Leo Tolstoy ; translated by Richard Pevear and Larissa Volokhonsky.
263 ## - PROJECTED PUBLICATION DATE
Projected publication date 201701
264 #1 - PRODUCTION, PUBLICATION, DISTRIBUTION, MANUFACTURE, AND COPYRIGHT NOTICE
Place of production, publication, distribution, manufacture London :
Name of producer, publisher, distributor, manufacturer Vintage Classic,
Date of production, publication, distribution, manufacture, or copyright notice 2017.
300 ## - PHYSICAL DESCRIPTION
Extent 1 volume ;
Dimensions 22 cm.
336 ## - CONTENT TYPE
Content type term text
Source rdacontent
337 ## - MEDIA TYPE
Media type term unmediated
Source rdamedia
338 ## - CARRIER TYPE
Carrier type term volume
Source rdacarrier
490 0# - SERIES STATEMENT
Series statement Vintage classic Russians series
500 ## - GENERAL NOTE
General note Translated from the Russian.
651 #0 - SUBJECT ADDED ENTRY--GEOGRAPHIC NAME
Geographic name Russia
General subdivision History
Chronological subdivision Alexander I, 1801-1825
Form subdivision Fiction.
651 #0 - SUBJECT ADDED ENTRY--GEOGRAPHIC NAME
Geographic name Russia
General subdivision Social conditions
Chronological subdivision 1801-1917
Form subdivision Fiction.
700 1# - ADDED ENTRY--PERSONAL NAME
Personal name Pevear, Richard,
Dates associated with a name 1943-
Relator term translator.
700 1# - ADDED ENTRY--PERSONAL NAME
Personal name Volokhonsky, Larissa,
Relator term translator.
942 ## - ADDED ENTRY ELEMENTS (KOHA)
Source of classification or shelving scheme
Koha item type Books - Non Ficton
Holdings
Withdrawn status Lost status Source of classification or shelving scheme Damaged status Not for loan Collection code Permanent Location Current Location Shelving location Date acquired Full call number Barcode Date last seen Price effective from Koha item type
          Non-Fiction KH8 Senior School Library KH8 Senior School Library Non Fiction 2021-10-11 891.733 TOL 3KHSL000101855 2021-10-11 2021-10-11 Books - Non Ficton

Powered By KH8 IT Dept